000 00544nam a2200193 a 4500
001 1771067063022
003 YourLibrary
005 20260214163803.0
008 260214s2004##################000#0#eng##
020 _a9783631397213
082 0 4 _a307.76094
_bSUN
100 1 _aSuntrup, Rudolf,
_eauthor.
245 1 0 _aCity culture and urban chanceries in an era of change :
260 _bPeter Lang Pub Incorporated,
_c2004.
300 _a199 pages
650 0 _aSocial Science.
942 _cENGLISH
040 _aYourLibrary
_beng
_cYourLibrary
999 _c612488
_d612488